00339nam a22001337a 4500008004100000082001200041100001300053245003000066260002800096270002700124300001000151942002500161999001900186230828b |||||||| |||| 00| 0 eng d a621-WIN a-955414 aWindow ExplainedhEnglish aA.I.C.B.bDelhicRohini aA.I.C.B. Rohini, Delhi a12x13 2ddccBRLENk621mWIN c197587d197587